Football Club Logos: Part 1 - Statistics

General Stats
  • This quiz has been taken 3,817 times
  • The average score is 12 of 15
Answer Stats
Picture Hint Answer % Correct
English Manchester United
98%
English Chelsea
97%
Italian Juventus
97%
Spanish Real Madrid
96%
English Tottenham Hotspur
93%
German Bayern Munich
91%
Scottish Celtic
87%
Portuguese Benfica
85%
English Watford
81%
English Brighton & Hove Albion
80%
English Brentford
78%
Scottish Rangers
77%
English Southampton
72%
English Sheffield United
55%
English Charlton Athletic
38%
No matching quizzes found
Score Distribution
Percent of People with Each Score
Percentile by Number Answered
Your Score History
You have not taken this quiz